The Exit- Conan Gray (Lyrics) - Statistics

General Stats
  • This quiz has been taken 5 times
  • The average score is 345 of 355
Answer Stats
Section Lyrics % Correct
a
100%
alive
100%
alive)
100%
and
100%
And
100%
(And
100%
apartment
100%
at
100%
be
100%
black
100%
bruised
100%
bruised)
100%
buried
100%
But
100%
(But
100%
can't
100%
carbon
100%
Coast
100%
coffee
100%
cold
100%
died
100%
died)
100%
East
100%
even
100%
everything
100%
exit
100%
Pre-Chorus Feels
100%
(Feels
100%
fine
100%
flowers
100%
for
100%
found
100%
getting
100%
girl
100%
God
100%
had
100%
half
100%
hate
100%
haven't
100%
her
100%
hurt
100%
I
100%
I'm
100%
into
100%
is
100%
it
100%
it)
100%
It's
100%
it's
100%
just
100%
like
100%
lips
100%
lips?
100%
live
100%
loud
100%
love
100%
matching
100%
me
100%
met
100%
Mid
100%
mine's
100%
miss
100%
movin'
100%
never
100%
not
100%
November
100%
now
100%
of
100%
(Oh
100%
oh
100%
oh)
100%
on
100%
On
100%
out
100%
out)
100%
over
100%
part
100%
perfectly
100%
say
100%
say?)
100%
sippin'
100%
So
100%
(So
100%
someone
100%
standin'
100%
Starin'
100%
still
100%
that
100%
the
100%
The
100%
thought
100%
tilted
100%
to
100%
wanted
100%
was
100%
we
100%
when
100%
(When
100%
When
100%
where
100%
who's
100%
would
100%
wounds
100%
wounds)
100%
you
100%
Chorus | Outro You
100%
your
100%
yours
100%
already
75%
arm
75%
back
75%
buildin'
75%
busy
75%
comin'
75%
copy
75%
crazy
75%
Do
75%
do
75%
doubt
75%
fast
75%
Verse 1 February
75%
from
75%
hometown
75%
how
75%
Impossible
75%
she's
75%
Something
75%
(Something
75%
understand
75%
were
75%
While
75%
wilted
75%
world
75%
you're
75%
(What
50%
what
50%
No matching quizzes found
Score Distribution
Percent of People with Each Score
Percentile by Number Answered
Your Score History
You have not taken this quiz